Bollettino del Laboratorio di Entomologia del R. Istituto superiore agrario di Bologna. (Record no. 182844)

MARC details
000 -LEADER
campo de control de longitud fija 00698nas a2200205 i 4500
001 - NÚMERO DE CONTROL
campo de control 182844
003 - IDENTIFICADOR DE NÚMERO DE CONTROL
campo de control ES-MaACL
005 - FECHA Y HORA DE LA ÚLTIMA TRANSACCIÓN
campo de control 20250217134908.0
008 - DATOS DE LONGITUD FIJA--INFORMACIÓN GENERAL
campo de control de longitud fija 131114d19281935it a| | ||ta d
245 00 - MENCIÓN DEL TÍTULO
Título Bollettino del Laboratorio di Entomologia del R. Istituto superiore agrario di Bologna.
260 ## - PUBLICACIÓN, DISTRIBUCIÓN, ETC.
Lugar de publicación, distribución, etc. Bologna :
Nombre del editor, distribuidor, etc. Soc. tip. Compositori,
Fecha de publicación, distribución, etc. 1928-1935.
300 ## - DESCRIPCIÓN FÍSICA
Extensión 1 vol. (264 p.) :
Otras características físicas il. ;
Dimensiones 27 cm.
310 ## - PERIODICIDAD ACTUAL
Periodicidad actual Anual
362 0# - FECHAS DE PUBLICACIÓN Y/O DESIGNACIÓN SECUENCIAL
Fecha de publicación y/o designación secuencial Vol. 1 (1928)-vol. 7 (1934/35)
650 04 - PUNTO DE ACCESO ADICIONAL DE MATERIA--TÉRMINO DE MATERIA
Término de materia o nombre geográfico como elemento de entrada Entomología.
9 (RLIN) 12324
710 2# - ENTRADA AGREGADA--NOMBRE DE ENTIDAD CORPORATIVA
Nombre de entidad corporativa o nombre de jurisdicción como elemento de entrada Istituto Superiore Agrario di Bologna.
Unidad subordinada Laboratorio di Entomologia.
9 (RLIN) 153830
852 ## - LOCALIZACIÓN
Ubicación ES-MaACL
Número de control de estantería C-9173
866 #0 - MENCIÓN TEXTUAL DE FONDOS--UNIDAD BIBLIOGRÁFICA BÁSICA
Fondos 1933-1934 (Vol. VI).
Holdings
Estatus retirado Estado de pérdida Estado de daño No para préstamo Colección Biblioteca de origen Biblioteca actual Ubicación en estantería Fecha de adquisición Fuente de adquisición Total de préstamos Signatura topográfica completa Código de barras Visto por última vez Precio de reemplazo Tipo de ítem Koha
        Periódicos y Revistas Biblioteca del Ateneo de Madrid Biblioteca del Ateneo de Madrid Sala Palomar 14/11/2013     C-9173 1192162 23/02/2023 23/02/2023 Revista